Normal view
MARC view
- DE-MTS-31
Entry Topical Term
001 - CONTROL NUMBER
- control field: 71872
003 - CONTROL NUMBER IDENTIFIER
- control field: NUST
005 - DATE AND TIME OF LATEST TRANSACTION
- control field: 20210628204711.0
008 - FIXED-LENGTH DATA ELEMENTS
- fixed length control field: 210628|| aca||aabn | a|a d
040 ## - CATALOGING SOURCE
- Original cataloging agency: NUST
- Transcribing agency: NUST
150 ## - HEADING--TOPICAL TERM
- Topical term or geographic name entry element: DE-MTS-31
670 ## - SOURCE DATA FOUND
- Source citation: Work cat.: (NUST): RFAN,ASAD, USMAN, 71871, PR-SOF-1238-RHINO ST6 LATHE AND RM6 MILLING CONTROL SERVICING AND MANUFACTURING OF PARTS USING G & M CODES, 2013
